Research in classrooms: the study of teachers, teaching and instruction
Saved in:
| Main Authors: | , |
|---|---|
| Format: | Bog |
| Sprog: | engelsk |
| Udgivet: |
Oxford
Pergamon
1989
|
| Fag: | |
| Tags: |
Tilføj Tag
Ingen Tags, Vær først til at tagge denne postø!
|
MARC
| LEADER | 00000nam a2200000 a 4500 | ||
|---|---|---|---|
| 001 | UCN4490 | ||
| 003 | CL-VaPUC | ||
| 008 | 010803e19890000UK |||||||||||||||||eng|d | ||
| 082 | 0 | 4 | |a 370.7 |b AND |2 21 |
| 100 | 0 | |a Anderson, Lorin W |e author |9 460959 | |
| 700 | 0 | |a Burns, Robert B |e author |9 460960 | |
| 245 | 1 | 0 | |a Research in classrooms: the study of teachers, teaching and instruction |
| 300 | |a 373 p | ||
| 942 | |c BK | ||
| 945 | |d 20010803 00:00:00 |a cmena | ||
| 260 | |a Oxford |b Pergamon |c 1989 | ||
| 650 | 0 | |a Investigación educacional |9 261192 | |
| 650 | 0 | |a Métodos de enseñanza |9 270413 | |
| 650 | 0 | |a Docentes |9 311365 | |
| 650 | 0 | |a Rol del docente |9 329733 | |
| 650 | 0 | |a Investigación científica |9 259857 | |
| 583 | |a last modification |c 20010803 00:00:00 |k Rodrigo Vera | ||
| 999 | |c 296724 |d 296722 | ||
| 952 | |0 0 |1 0 |4 0 |6 370_700000000000000_AND_1989 |7 0 |8 P |9 350810 |a BIBGIM |b BIBGIM |d 2019-11-20 |i 3743829 |o 370.7 AND 1989 |p 3743829 |r 2025-01-15 |w 2019-11-20 |y BK |k GIM | ||